| 000 | 01109nam#a2200337#a#4500 | ||
|---|---|---|---|
| 001 | vtls001877556 | ||
| 003 | NLI | ||
| 005 | 20210629105755.0 | ||
| 008 | 150828s2009 ii f100 0 eng | ||
| 020 |
_a8173421846 (pbk.) _c130.00 |
||
| 039 | 9 |
_y201508281128 _zswapankp |
|
| 040 |
_aNLI _beng |
||
| 041 | 0 | _aeng | |
| 044 | _aii | ||
| 082 | 0 | 4 |
_a301.3 _222 |
| 100 | 1 |
_aKhubchandani, Lachman M. _91235852 |
|
| 245 | 1 | 0 |
_aindegenous people: _bresponding to human ecology / _cLachman M. Khubchandani |
| 260 |
_aVadodara : _bBhasha Research & Pub., _c2009 |
||
| 300 |
_a130 p. ; _c22 cm. |
||
| 500 | _aCentral Institute of Indian Languages | ||
| 504 | _aIncludes bibliographical references | ||
| 650 | 0 |
_aHuman ecology _9679511 |
|
| 650 | 0 |
_aSociology _9677582 |
|
| 887 | _aSwapan Kumar Pailan | ||
| 901 |
_aDB140393 : _b2.05.13 |
||
| 902 | _aE 301.3 K 529 | ||
| 904 | _aSwapan Kumar Pailan | ||
| 949 |
_AVIRTUAITEM _D10000 _X100 _6DBA000140393ENG |
||
| 942 |
_2ddc _cBKS |
||
| 999 |
_aVIRTUA _c1310941 _d1310941 |
||
| 999 | _aVTLSSORT0080*0200*0400*0410*0440*0820*1000*2450*2600*3000*5000*5040*6500*6501*9010*9020*9040*9992 | ||